Arctic Monkeys Discography - Statistics

General Stats
  • This quiz has been taken 3 times
  • The average score is 25 of 123
Answer Stats
Whatever People Say I Am That's What I am not % Correct
I Bet You Look Good On The Dancefloor
100%
505
67%
Arabella
67%
Bigger Boys and Stolen Sweethearts
67%
Black Treacle
67%
Cornerstone
67%
Dancing Shoes
67%
Do I Wanna Know?
67%
Fluorescent Adolescent
67%
I Wanna Be Yours
67%
Knee Socks
67%
No. 1 Party Anthem
67%
One For The Road
67%
R U Mine?
67%
Snap Out Of It
67%
Suck It and See
67%
Teddy Picker
67%
The View From The Afternoon
67%
Why'd You Only Call Me When You're High?
67%
7
33%
Baby I'm Yours
33%
Balaclava
33%
Batphone
33%
Body Paint
33%
Brianstorm
33%
D is for Dangerous
33%
Do Me a Favour
33%
Fake Tales of San Francisco
33%
Fire And The Thud
33%
Fireside
33%
From The Ritz To The Rubble
33%
I Want It All
33%
Leave Before The Lights Come On
33%
Mad Sounds
33%
Mardy Bum
33%
No Buses
33%
Old Yellow Bricks
33%
Piledriver Waltz
33%
Pretty Visitors
33%
Put Your Dukes Up John
33%
Red Light Indicates Doors Are Secured
33%
Riot Van
33%
Secret Door
33%
Stickin To The Floor
33%
The Car
33%
The Hellcat Spangled Shalalala
33%
There'd Better Be A Mirrorball
33%
The Ultracheese
33%
The World's First Ever Monster Truck Front Flip
33%
This House is a Circus
33%
Tranquility Base Hotel & Casino
33%
When The Sun Goes Down
33%
Who The Fuck Are Arctic Monkeys?
33%
You Probably Couldn't See For The Lights But You Were Staring Straight At Me
33%
2013
0%
A Certain Romance
0%
All My Own Stunts
0%
American Sports
0%
Anyways
0%
Bad Woman
0%
Big Ideas
0%
Brick By Brick
0%
Catapult
0%
Chun Li Flying Bird Kick
0%
Cigarette Smoker Fiona
0%
Crying Lighting
0%
Da Frame 2R
0%
Dance Little Liar
0%
Dangerous Animals
0%
Despair In The Departure Lounge
0%
Diamonds Are Forever
0%
Don't Forget Whose Legs You're On
0%
Don't Sit Down 'Cause I've Moved Your Chair
0%
Electricity
0%
Evil Twin
0%
Four Out Of Five
0%
Fright Lined Dining Room
0%
Golden Trunks
0%
Hello You
0%
I Ain't Quite Where I Think I Am
0%
I.D.S.T
0%
If You Found This It's Probably Too Late
0%
If You Were There, Beware
0%
I Haven't Got My Strange
0%
Jet Skis On The Moat
0%
Joining The Dots
0%
Library Pictures
0%
Little Illusion Machine (Wirral Riddler)
0%
Love is a Laserquest
0%
Matador
0%
Mr Schwartz
0%
My Propeller
0%
Nettles
0%
One Point Perspective
0%
Only Ones Who Know
0%
Opening Night
0%
Perfect Sense
0%
Perhaps Vampire Is A Bit Strong But...
0%
Plastic Tramp
0%
Potion Approaching
0%
Reckless Serenade
0%
Red Right Hand
0%
Science Fiction
0%
Sculpture Of Anything Goes
0%
She Looks like Fun
0%
She's Thunderstorms
0%
Sketchead
0%
Star Treatment
0%
Still Take You Home
0%
Stop The World I Wanna Get Off With You
0%
Temptation Greets You Like Your Naughty Friend
0%
That's Where You're Wrong
0%
The Afternoon's Hat
0%
The Bad Thing
0%
The Bakery
0%
The Blond-O-Sonic Shimmer Trap
0%
The Death Ramps
0%
The Jeweller's Hands
0%
The View From The Afternoon
0%
Too Much To Ask
0%
What If You Were Right The First Time?
0%
You and I
0%
You're So Dark
0%
No matching quizzes found
Score Distribution
Percent of People with Each Score
Percentile by Number Answered
Your Score History
You have not taken this quiz